| Record ID | marc_records_scriblio_net/part07.dat:162547751:702 |
| Source | Scriblio |
| Download Link | /show-records/marc_records_scriblio_net/part07.dat:162547751:702?format=raw |
LEADER: 00702cam 22002171 4500
001 73313346 //r88
003 DLC
005 19900227125351.6
008 770212s1969 gw 00000 ger
010 $a 73313346 //r88
015 $aGDB70-A15-326
040 $aDLC$cWMaUCS$dDLC
050 00 $aPQ139$b.F87
245 00 $aFranzösische Literatur von Beaumarchais bis Camus.$c(Hrsg. von Dieter Steland.)
260 0 $a(Frankfurt a. M. u. Hamburg)$bFischer-Bücherei$c(1969).
300 $a350 p.$c18 cm.
350 $aDM4.80
490 0 $aInterpretationen, Bd. 6
490 0 $aFischer Bücherei, 963. Bücher des Wissens.
650 0 $aFrench literature$xHistory and criticism.
700 10 $aSteland, Dieter,$ecomp.